[Event "World Cup U18 Girls Prel"]
[Site "Tornelo INT"]
[Date "2021.08.01"]
[Round "9"]
[White "Andhin, Chethanah"]
[Black "Avilova, Yulia"]
[Result "0-1"]
[WhiteElo "1679"]
[BlackElo "1627"]
[PlyCount "84"]
[EventDate "2021.08.01"]
[EventType "swiss (rapid)"]
[EventRounds "10"]
[EventCountry "NET"]
[SourceTitle "EXT 2024"]
[Source "ChessBase"]
[SourceDate "2023.10.10"]
[SourceVersion "1"]
[SourceVersionDate "2023.10.10"]
[SourceQuality "1"]

1. d4 d5 2. Bf4 e6 3. Nf3 c5 4. c3 Nc6 5. Nbd2 Nf6 6. h3 Be7 7. e3 a6 8. Bd3 b5 9. 0-0 0-0 10. a3 Qb6 11. Rc1 a5 12. b3 b4 13. cxb4 axb4 14. axb4 Nxb4 15. Bb1 Ba6 16. Re1 Bd3 17. dxc5 Bxc5 18. Ne5 Bb5 19. Bg5 Ne8 20. Qg4 f6 21. Qh4 h6 22. Ng6 fxg5 23. Qg3 Rf6 24. Ne5 Bd6 25. Ndf3 Bd3 26. Red1 Be2 27. Rd2 Bxf3 28. gxf3 Bxe5 29. Qxe5 Rxf3 30. Kg2 Rf7 31. e4 Nf6 32. exd5 Nbxd5 33. Ba2 Rd8 34. Bb1 Nf4+ 35. Kh1 Rxd2 36. Rc8+ Rd8 37. Rc1 Qb7+ 38. Be4 Nxe4 39. f3 Nf2+ 40. Kg1 Qxf3 41. Qxf4 Rxf4 42. Rf1 Qg3# 0-1

[Event "World Cup U18 Girls Prel"]
[Site "Tornelo INT"]
[Date "2021.08.01"]
[Round "8"]
[White "Avilova, Yulia"]
[Black "Mohsen, Nur Batrisya Wafa"]
[Result "1-0"]
[WhiteElo "1627"]
[BlackElo "1208"]
[PlyCount "95"]
[EventDate "2021.08.01"]
[EventType "swiss (rapid)"]
[EventRounds "10"]
[EventCountry "NET"]
[SourceTitle "EXT 2024"]
[Source "ChessBase"]
[SourceDate "2023.10.10"]
[SourceVersion "1"]
[SourceVersionDate "2023.10.10"]
[SourceQuality "1"]

1. Nf3 d5 2. c4 c6 3. e3 Nf6 4. Nc3 a6 5. Be2 e6 6. d4 Be7 7. 0-0 0-0 8. a3 Nbd7 9. b4 b6 10. Rb1 dxc4 11. Bxc4 Nd5 12. Ne4 N7f6 13. Nxf6+ Nxf6 14. Bb2 Bb7 15. Bb3 a5 16. bxa5 Rxa5 17. a4 Nd5 18. Qe2 Ba6 19. Bc4 Bxc4 20. Qxc4 c5 21. dxc5 Rxc5 22. Qg4 Nf6 23. Qh3 Rh5 24. Qg3 Rh6 25. Ne5 Ne4 26. Qg4 f5 27. Qe2 Qd2 28. Qb5 Qa5 29. Qd7 Nd2 30. Qxe7 Nxb1 31. Nc6 Rf7 32. Qxf7+ Kxf7 33. Nxa5 bxa5 34. Rxb1 Rh4 35. Bd4 g5 36. Rb7+ Ke8 37. Rb5 Rh6 38. Rxa5 Kd7 39. Ra7+ Kc6 40. a5 Kb5 41. Kf1 Rxh2 42. Bb6 Rh1+ 43. Ke2 Ra1 44. Rxh7 Ra2+ 45. Kf3 e5 46. Rh5 g4+ 47. Kg3 Ra4 48. Rxf5 1-0

[Event "Styrian op U14/18 26th"]
[Site "Mureck"]
[Date "2019.08.01"]
[Round "2"]
[White "Jauschneg, Fridolin"]
[Black "Avilova, Yulia"]
[Result "1-0"]
[WhiteElo "1391"]
[BlackElo "1602"]
[PlyCount "39"]
[EventDate "2019.07.31"]
[EventType "swiss"]
[EventRounds "9"]
[EventCountry "AUT"]
[SourceTitle "EXT 2020"]
[Source "ChessBase"]
[SourceDate "2019.10.17"]
[SourceVersion "1"]
[SourceVersionDate "2019.10.17"]
[SourceQuality "1"]

1. e4 e5 2. Bc4 Nf6 3. Nf3 Nc6 4. Ng5 d5 5. exd5 Nxd5 6. d4 Be7 7. Nxf7 Kxf7 8. Qf3+ Ke8 9. Bxd5 Nxd4 10. Qf7+ Kd7 11. 0-0 Rf8 12. Qxg7 Ke8 13. Qxe5 Nxc2 14. Rd1 Rf5 15. Qh8+ Bf8 16. Qxh7 Qf6 17. Be4 Nxa1 18. Bxf5 Bxf5 19. Qxc7 Bxb1 20. Qd7# 1-0